000 00463nam a2200205Ia 4500
008 240510s9999 xx 000 0 und d
020 _a0008126502002
041 _aEng
082 _a006.76
082 _bG55
100 _aGOODMAN D.:
245 0 _aJAVASCRIPT BIBLE :( With CD)
250 _a4th ed.
260 _bNEW DELHI : WILEY
260 _c2002
300 _a1200 p.
650 _aJAVASCRIPT : WEB DESIGNING :
942 _2ddc
942 _cRBK
999 _c26989
_d26989
945 _a1
_bMadushi Gamage
_c1
_dMadushi Gamage